Le Droit ouvrier (Record no. 139196)

MARC details
000 -LEADER
campo de control de longitud fija 00442nam a2200145 4500
001 - NÚMERO DE CONTROL
campo de control 139196
003 - IDENTIFICADOR DE NÚMERO DE CONTROL
campo de control ES-MaACL
007 - CAMPO FIJO DE DESCRIPCIÓN FÍSICA--INFORMACIÓN GENERAL
campo de control de longitud fija t|
008 - DATOS DE LONGITUD FIJA--INFORMACIÓN GENERAL
campo de control de longitud fija 070214s1922 fr r ||||1| fre d
100 1# - ENTRADA PRINCIPAL--NOMBRE DE PERSONA
Nombre de persona Scelle, Georges.
9 (RLIN) 104157
245 13 - MENCIÓN DEL TÍTULO
Título Le Droit ouvrier
Resto del título : tableau de la législation française actuelle /
Mención de responsabilidad, etc. par Georges Scelle.
260 ## - PUBLICACIÓN, DISTRIBUCIÓN, ETC.
Lugar de publicación, distribución, etc. Paris :
Nombre del editor, distribuidor, etc. [s. n.],
Fecha de publicación, distribución, etc. 1922 (
Fabricante Lahure)
300 ## - DESCRIPCIÓN FÍSICA
Extensión VI, 210 p. ;
Dimensiones 18 x 12 cm.
852 ## - LOCALIZACIÓN
Ubicación ES-MaACL
Número de control de estantería B-2833
Holdings
Estatus retirado Estado de pérdida Estado de daño No para préstamo Biblioteca de origen Biblioteca actual Ubicación en estantería Fecha de adquisición Fuente de adquisición Total de préstamos Signatura topográfica completa Código de barras Visto por última vez Precio de reemplazo Tipo de ítem Koha
        Biblioteca del Ateneo de Madrid Biblioteca del Ateneo de Madrid Sala Pardo Bazán 17/01/2008     B-2833 1144855 23/02/2023 23/02/2023 Libro impreso